|
|
|
|
| LEADER |
00926nam a2200229 a 4500 |
| 001 |
00012009 |
| 008 |
111017s1994 enk b 000 1 eng d |
| 020 |
|
|
|a 0140620753
|
| 040 |
|
|
|a DLC
|c DLC
|d DLC
|d BD-DhAAL
|
| 082 |
0 |
0 |
|a 823.7
|2 20
|
| 100 |
1 |
|
|a Austen, Jane,
|d 1775-1817.
|
| 245 |
1 |
0 |
|a Northanger Abbey /
|c Jane Austen
|
| 260 |
|
|
|a London ;
|a New York :
|b Penguin Books,
|c 1994.
|
| 300 |
|
|
|a 236 p. ;
|c 18 cm.
|
| 490 |
|
0 |
|a Penguin Popular classics
|
| 541 |
1 |
|
|e 00012009
|
| 650 |
|
0 |
|a Horror tales
|x Appreciation
|v Fiction.
|
| 650 |
|
0 |
|a Books and reading
|v Fiction.
|
| 651 |
|
0 |
|a England
|v Fiction.
|
| 856 |
4 |
2 |
|3 Contributor biographical information
|u http://www.loc.gov/catdir/enhancements/fy0716/2003267784-b.html
|
| 999 |
|
|
|c 11345
|d 11345
|
| 952 |
|
|
|0 0
|1 0
|2 ddc
|4 0
|6 823_700000000000000_AUS
|7 0
|9 18433
|a BRACUL
|b BRACUL
|c GEN
|d 2011-10-18
|l 28
|m 131
|o 823.7 AUS
|p 3010012009
|r 2026-05-19
|s 2026-02-02
|t 1
|w 2011-10-18
|y BK
|x Price not available in Register
|